[Event "Berlin Maccabi op"]
[Site "Berlin"]
[Date "2015.07.31"]
[Round "4"]
[White "Heifez, Eugen"]
[Black "Weinman, Samuel"]
[Result "1-0"]
[WhiteElo "2202"]
[BlackElo "1640"]
[PlyCount "53"]
[EventDate "2015.07.29"]
[EventType "swiss"]
[EventRounds "7"]
[EventCountry "GER"]
[SourceTitle "CBM 167 Extra"]
[Source "ChessBase"]
[SourceDate "2015.09.14"]
[SourceVersion "1"]
[SourceVersionDate "2015.09.14"]
[SourceQuality "1"]

1. e4 c5 2. Nc3 e6 3. g3 d5 4. d3 d4 5. Nce2 Nc6 6. Bg2 Nf6 7. h3 Bd6 8. f4 e5 9. f5 b5 10. a4 bxa4 11. Rxa4 Qb6 12. b3 Bd7 13. Nf3 Nb4 14. Ra1 a5 15. 0-0 0-0 16. Nd2 a4 17. Nc4 Qc7 18. Bg5 axb3 19. Rxa8 Rxa8 20. cxb3 Be7 21. Nc1 Bb5 22. Nxe5 Qxe5 23. Bf4 Ng4 24. Bxe5 Ne3 25. Qf3 Nxf1 26. Bxf1 Ra1 27. Bf4 1-0

[Event "Mediterranean op 3rd"]
[Site "Rijeka"]
[Date "2009.12.04"]
[Round "8"]
[White "Heifez, Eugen"]
[Black "Noordhoek, Henk P"]
[Result "0-1"]
[WhiteElo "2245"]
[BlackElo "2087"]
[PlyCount "76"]
[EventDate "2009.11.27"]
[EventType "swiss"]
[EventRounds "9"]
[EventCountry "CRO"]
[SourceTitle "CBM 133 Extra"]
[Source "ChessBase"]
[SourceDate "2010.01.05"]
[SourceVersion "1"]
[SourceVersionDate "2010.01.05"]
[SourceQuality "1"]

1. e4 Nf6 2. Nc3 d5 3. e5 d4 4. exf6 dxc3 5. fxg7 cxd2+ 6. Qxd2 Qxd2+ 7. Bxd2 Bxg7 8. 0-0-0 Nc6 9. Bc4 Bf5 10. Bf4 0-0 11. f3 Rfd8 12. Ne2 Ne5 13. Bxe5 Bxe5 14. g4 Bd7 15. f4 Bd6 16. f5 Bc6 17. Bd5 Bxd5 18. Rxd5 c6 19. Rd3 Be5 20. Rxd8+ Rxd8 21. h4 Kg7 22. Rh3 Rd5 23. c3 Ra5 24. Re3 Bd6 25. a3 Re5 26. Kd2 Kf6 27. Nf4 Rxe3 28. Kxe3 Ke5 29. Nd3+ Kd5 30. g5 c5 31. h5 Be5 32. Nxe5 Kxe5 33. g6 fxg6 34. fxg6 hxg6 35. h6 Kf6 36. Kf4 e6 37. b4 cxb4 38. axb4 g5+ 0-1

[Event "Mediterranean op 3rd"]
[Site "Rijeka"]
[Date "2009.12.03"]
[Round "7"]
[White "Stefan, Mario"]
[Black "Heifez, Eugen"]
[Result "0-1"]
[WhiteElo "1996"]
[BlackElo "2245"]
[PlyCount "60"]
[EventDate "2009.11.27"]
[EventType "swiss"]
[EventRounds "9"]
[EventCountry "CRO"]
[SourceTitle "CBM 133 Extra"]
[Source "ChessBase"]
[SourceDate "2010.01.05"]
[SourceVersion "1"]
[SourceVersionDate "2010.01.05"]
[SourceQuality "1"]

1. e4 e5 2. Nf3 d6 3. d4 Qe7 4. dxe5 dxe5 5. Nc3 c6 6. h3 Nf6 7. Bg5 h6 8. Bh4 Qe6 9. g4 Nbd7 10. Qd3 Bb4 11. 0-0-0 b5 12. a3 Bc5 13. g5 Nh5 14. Bg3 Nxg3 15. fxg3 a5 16. h4 b4 17. Bh3 Qe7 18. Na4 Ba7 19. Bxd7+ Bxd7 20. Nxe5 Rd8 21. Nxd7 Rxd7 22. Qf3 bxa3 23. b3 Rxd1+ 24. Rxd1 Qe5 25. g6 fxg6 26. Rf1 a2 27. Qf7+ Kd8 28. Rd1+ Bd4 29. Rd3 a1Q+ 30. Kd2 Qf6 0-1

[Event "Mediterranean op 3rd"]
[Site "Rijeka"]
[Date "2009.11.29"]
[Round "2"]
[White "Heifez, Eugen"]
[Black "Safarli, Eltaj"]
[Result "0-1"]
[WhiteElo "2245"]
[BlackElo "2592"]
[PlyCount "82"]
[EventDate "2009.11.27"]
[EventType "swiss"]
[EventRounds "9"]
[EventCountry "CRO"]
[SourceTitle "CBM 133 Extra"]
[Source "ChessBase"]
[SourceDate "2010.01.05"]
[SourceVersion "1"]
[SourceVersionDate "2010.01.05"]
[SourceQuality "1"]

1. e4 e5 2. Nf3 Nc6 3. Bb5 a6 4. Bxc6 dxc6 5. Nc3 f6 6. d4 exd4 7. Qxd4 Qxd4 8. Nxd4 Bd7 9. Be3 0-0-0 10. 0-0-0 Ne7 11. h4 h5 12. f3 Ng6 13. Nde2 Bd6 14. Bf2 Rde8 15. Rd2 Be6 16. Kb1 Ne5 17. Rhd1 Rhg8 18. a3 Nc4 19. Rd3 g5 20. hxg5 fxg5 21. Nd4 Bd7 22. Nf5 Bxf5 23. exf5 Rgf8 24. Ne4 Be5 25. Bd4 Rxf5 26. Bxe5 Nxe5 27. Rd4 h4 28. b3 b6 29. Nf2 Ng6 30. Re4 Rxe4 31. Nxe4 Nf4 32. Rd2 Rd5 33. Kc1 Rxd2 34. Kxd2 Nxg2 35. Nxg5 Kd7 36. Nh3 Ke6 37. Ke2 Kf5 38. Kf2 Nf4 39. Ng1 Ke5 40. c3 c5 41. a4 a5 0-1

[Event "Mediterranean op 3rd"]
[Site "Rijeka"]
[Date "2009.11.29"]
[Round "3"]
[White "Muskardin, Mario"]
[Black "Heifez, Eugen"]
[Result "1-0"]
[WhiteElo "2067"]
[BlackElo "2245"]
[PlyCount "45"]
[EventDate "2009.11.27"]
[EventType "swiss"]
[EventRounds "9"]
[EventCountry "CRO"]
[SourceTitle "CBM 133 Extra"]
[Source "ChessBase"]
[SourceDate "2010.01.05"]
[SourceVersion "1"]
[SourceVersionDate "2010.01.05"]
[SourceQuality "1"]

1. e4 e5 2. Nf3 d6 3. d4 Qe7 4. dxe5 dxe5 5. Nc3 c6 6. h3 Nf6 7. Bg5 h6 8. Bh4 Qe6 9. Qd3 Bb4 10. 0-0-0 Nbd7 11. g4 Bxc3 12. Qxc3 g5 13. Bc4 Qe7 14. Bg3 Nxe4 15. Qe3 Nxg3 16. fxg3 f6 17. Qe4 Qh7 18. Qe3 Qe7 19. Rhe1 Nb6 20. Nxe5 fxe5 21. Qxe5 Qxe5 22. Rxe5+ Kf8 23. Rf1+ 1-0

[Event "Mediterranean op 3rd"]
[Site "Rijeka"]
[Date "2009.11.27"]
[Round "1"]
[White "Mravic, Filip"]
[Black "Heifez, Eugen"]
[Result "0-1"]
[WhiteElo "1810"]
[BlackElo "2245"]
[PlyCount "60"]
[EventDate "2009.11.27"]
[EventType "swiss"]
[EventRounds "9"]
[EventCountry "CRO"]
[SourceTitle "CBM 133 Extra"]
[Source "ChessBase"]
[SourceDate "2010.01.05"]
[SourceVersion "1"]
[SourceVersionDate "2010.01.05"]
[SourceQuality "1"]

1. Nf3 Nf6 2. c4 e6 3. Nc3 Bb4 4. Qc2 d6 5. a3 Bxc3 6. Qxc3 e5 7. d3 0-0 8. Bg5 h6 9. Bh4 Re8 10. e4 c5 11. h3 Nc6 12. Be2 a5 13. 0-0-0 g5 14. Bg3 Nh5 15. Bh2 Ng7 16. g4 Ne6 17. Kb1 Qf6 18. Rdf1 Bd7 19. Bd1 Ncd4 20. Nxd4 cxd4 21. Qd2 Nc5 22. b3 b5 23. Ka2 bxc4 24. bxc4 Reb8 25. Bc2 Ba4 26. Rb1 Bxc2 27. Qxc2 Qf3 28. Rxb8+ Rxb8 29. Rd1 a4 30. Bg3 Rb3 0-1

[Event "AUT-ch"]
[Site "Oberpullendorf"]
[Date "2002.08.15"]
[Round "6"]
[White "Gerhold, Michael"]
[Black "Heifez, Eugen"]
[Result "1/2-1/2"]
[WhiteElo "2183"]
[BlackElo "2311"]
[PlyCount "75"]
[EventDate "2002.08.10"]
[EventType "swiss"]
[EventRounds "9"]
[EventCountry "AUT"]
[SourceTitle "CBM 089 Extra"]
[Source "ChessBase"]
[SourceDate "2002.09.10"]
[SourceVersion "2"]
[SourceVersionDate "2002.09.10"]
[SourceQuality "1"]

1. d4 Nf6 2. c4 e6 3. Nc3 Bb4 4. Qc2 Nc6 5. Nf3 d6 6. a3 Bxc3+ 7. Qxc3 Ne4 8. Qc2 f5 9. e3 0-0 10. Bd3 Nf6 11. b4 Qe7 12. Bb2 Bd7 13. 0-0-0 a5 14. b5 Nd8 15. h3 c6 16. b6 c5 17. dxc5 dxc5 18. Ne5 Nc6 19. Nxd7 Nxd7 20. g4 Nde5 21. Be2 f4 22. Qe4 f3 23. Bd3 Nxd3+ 24. Rxd3 Rad8 25. Rhd1 Rxd3 26. Rxd3 a4 27. Bc3 Kh8 28. Rd2 Kg8 29. Qc2 Rd8 30. Qxa4 Rxd2 31. Kxd2 Qd7+ 32. Kc1 Qd3 33. Bb2 Qf1+ 34. Qd1 Qxf2 35. Qd7 Qf1+ 36. Kc2 Qxc4+ 37. Kb1 Qf1+ 38. Ka2 1/2-1/2

[Event "AUT-ch"]
[Site "Oberpullendorf"]
[Date "2002.08.10"]
[Round "1"]
[White "Heifez, Eugen"]
[Black "Hardt, Christian"]
[Result "1/2-1/2"]
[WhiteElo "2311"]
[BlackElo "2170"]
[PlyCount "50"]
[EventDate "2002.08.10"]
[EventType "swiss"]
[EventRounds "9"]
[EventCountry "AUT"]
[SourceTitle "CBM 089 Extra"]
[Source "ChessBase"]
[SourceDate "2002.09.10"]
[SourceVersion "2"]
[SourceVersionDate "2002.09.10"]
[SourceQuality "1"]

1. e4 c5 2. Nc3 Nc6 3. g3 g6 4. Bg2 Bg7 5. d3 d6 6. f4 e6 7. Nf3 Nge7 8. 0-0 0-0 9. Be3 Nd4 10. e5 Nef5 11. Bf2 Bd7 12. Ne4 Bc6 13. c3 Nxf3+ 14. Qxf3 dxe5 15. Bxc5 Ne7 16. fxe5 Bxe5 17. Nf6+ Kg7 18. Qf2 Bxg2 19. Kxg2 b6 20. d4 Bd6 21. Bxd6 Qxd6 22. Ne4 Qc6 23. Qf6+ Kg8 24. Qxe7 Qxe4+ 25. Kg1 Qd5 1/2-1/2